000 00469nam a2200181Ia 4500
001 9100
005 20260306160658.0
008 260306t2010||||xx |||||||||||||| ||spa||
041 _aESP
082 _a372.634
_bB25
100 _aBarreto Pinzón, Felisa
_eAUT
245 0 _aLengua escrita en el aula:
_barticulación entre preescolar y primaria
260 _c2010
300 _a147 páginas :
_c24 cm.
650 _aGEN
654 _aCED
942 _cLIB
_dJUS
_fJUS
_2ddc
_n
999 _c9100
_d9100